| 000 | 00486nam a22001697a 4500 | ||
|---|---|---|---|
| 003 | NUST | ||
| 038 | _aMr. Zahoor | ||
| 082 | _a530 | ||
| 100 |
_aAleem, Abeera _916162 |
||
| 245 |
_aCentrifugal force reversal in the vicinity of a Schwarzschild black hole _cAbeera Aleem |
||
| 260 |
_aIslamabad : _bSNS - NUST, _c2018. |
||
| 300 |
_a92 p. : ill. ; _c30 cm. |
||
| 500 | _aHardcover. | ||
| 650 |
_aPhysics - MS Thesis _916163 |
||
| 700 |
_aProf. Asghar Qadir _916164 |
||
| 942 |
_2ddc _cTHE |
||
| 999 |
_c525338 _d525338 |
||